000 00667nam a22002057a 4500
999 _c10825
_d10825
003 AR-CdUCM
008 190402b ||||| |||| 00| 0 spa d
040 _aMUNICIPALIDAD PROVINCIAL DEL CUSCO
_cBIBLIOTECA MUNICIPAL DEL CUSCO
082 _aEP / 372.460 /
_bZ37
100 _aZapata Santillana, Everardo
_927530
245 _aLecturas Integradas Jaimito y Julieta /
260 _aLima :
_bNavarrete,
_c1996.
300 _a158 paginas ;
_bilustraciones, graficos, dibujos, cuadros,
_c28 cm.
500 _aCuentos y fabulas y otros mas
650 _aCoquito
_927866
650 _aLecturas
_96094
650 _aLiteratura
_983
942 _2ddc
_cLIBROS
945 _apjha